[Event "Limburg op g/60"]
[Site "Limburg"]
[Date "2007.02.20"]
[Round "4"]
[White "Hovens, Leo"]
[Black "Oger, Daniel"]
[Result "1-0"]
[WhiteElo "1816"]
[BlackElo "1849"]
[PlyCount "54"]
[EventDate "2007.01.11"]
[EventType "swiss"]
[EventRounds "7"]
[EventCountry "BEL"]
[SourceTitle "EXT 2008"]
[Source "ChessBase"]
[SourceDate "2007.11.25"]
[SourceVersion "1"]
[SourceVersionDate "2007.11.25"]
[SourceQuality "1"]

1. g4 d5 2. Bg2 c6 3. h3 e5 4. d4 exd4 5. Qxd4 Qf6 6. Nf3 Nd7 7. Bg5 Qxd4 8. Nxd4 Ngf6 9. Nd2 g6 10. 0-0 h5 11. Bxf6 Nxf6 12. g5 Nd7 13. e4 Bg7 14. c3 Nb6 15. exd5 Nxd5 16. Rfe1+ Kd8 17. N2b3 Nf4 18. Rad1 Kc7 19. Re7+ Kb6 20. Rxf7 Bxd4 21. Rxf4 Be5 22. Re4 Bg7 23. Rb4+ Kc7 24. Re4 Kb6 25. Rde1 Bf5 26. Rb4+ Ka6 27. Nc5+ Ka5 1-0